000 00496cam a22001932a 4500
001 009136
003 AR-FADEU
008 311216n1973####xxu####################dd
020 _a84-345-7403-9
092 _aD348.31
_bC932
245 _aCRISIS energética y recursos naturales
260 _aBarcelona
260 _bSalvat
260 _c1973
300 _a140 p. : il
440 _aBiblioteca salvat de grandes temas
_n45
650 _aRECURSOS NATURALES; ENERGIA-CRISIS
942 _cBDGR
999 _c14935
_d14935